Score 0/40 Timer 10:00
1 Play Today
Season Player % Correct
MarquesasRob Mariano
95.2%
All-StarsRob Mariano
95.2%
Heroes vs. VillainsRob Mariano
95.2%
Redemption IslandRob Mariano
95.2%
Winners at WarRob Mariano
95.2%
AmazonRob Cesternino
91.4%
Pearl IslandsSandra Diaz-Twine
89.5%
Cook IslandsParvati Shallow
89.5%
MicronesiaParvati Shallow
89.5%
AfricaEthan Zohn
88.6%
One WorldKim Spradlin-Wolfe
87.6%
ChinaAmanda Kimmel
86.7%
TocantinsTyson Apostol
86.7%
Blood vs. WaterTyson Apostol
86.7%
Australian OutbackAmber Brkich/Mariano
84.8%
SamoaRussell Hantz
84.8%
San Juan Del SurJeremy Collins
84.8%
CambodiaJeremy Collins
84.8%
David vs. GoliathNick Wilson
84.8%
PalauStephenie LaGrossa
83.8%
Season Player % Correct
GuatemalaStephenie LaGrossa
83.8%
South PacificOzzy Lusth
83.8%
CagayanSarah Lacina
83.8%
Kaoh RongAubry Bracco
83.8%
Game ChangersOzzy Lusth
83.8%
Heroes vs. Healers vs. HustlersBen Driebergen
83.8%
Ghost IslandWendell Holland
83.8%
Edge of ExtinctionAubry Bracco
83.8%
BorneoGervase Peterson
82.9%
Millennials vs. Gen XAdam Klein
82.9%
Island of the IdolsTommy Sheehan, Dean Kowalski and Noura Salman
82.9%
PanamaCirie Fields
80%
FijiYau-Man Chan
80%
Worlds ApartJoe Anglim
80%
Philippines Malcolm Freberg
79%
VanuatuEliza Orlins
78.1%
CaramoanAndrea Boehlke
77.1%
NicaraguaBrenda Lowe
76.2%
GabonCorinne Kaplan
75.2%
ThailandShii Ann Huang
73.3%
Remove Ads.
Support Sporcle.
Get the best of Sporcle when you Go Orange. This ad-free experience offers more features, more stats, and more fun while also helping to support Sporcle. Thank you for becoming a member.

You're not logged in!

Compare scores with friends on all Sporcle quizzes.
OR
Log In

Sporcle TV

Today on Sporcle TV


Watch our educational content, quiz creation guides, and fun videos on Sporcle TV.

Show Comments

Extras

Top Quizzes Today


Score Distribution

Paid Content

Your Account Isn't Verified!

In order to create a playlist on Sporcle, you need to verify the email address you used during registration. Go to your Sporcle Settings to finish the process.

Report this User

Report this user for behavior that violates our Community Guidelines.

Details: